000 01031cam a2200289 ab4500
999 _c1896
_d1896
001 2238331
003 OSt
005 20230215090418.0
008 191030s2015 nyua j 000 1 eng d
020 _a9781481449731
_q(hardcover) :
040 _aDLC
_beng
_eaacr2
_cDLC
_dDLC
_dTCPL
_dKH8
042 _anbic
082 0 _a398.8 GON
100 1 _aGonsalves, Rob.
_eauthor
245 1 0 _aImagine a world /
_cby Rob Gonsalves.
250 _a1st ed.
260 _aNew York :
_bAtheneum Books for Young Readers ,
_cc2015.
300 _a1 v. (unpaged) :
_bcol. ill. ;
_c29 cm.
490 1 _aThe Imagine a ... series.
520 _aIllustrations and evocative text show how imagination can reveal the extraordinary in various places, from taking a swim in a salty sky to soaring over submerged lands under the sea.
521 1 _aAges 4-8.
650 0 _aGeography
_vJuvenile fiction.
650 0 _aImagination
_vJuvenile fiction.
651 0 _aEarth (Planet)
_vJuvenile fiction.
830 0 _aImagine a ... series.
942 _2ddc
_cNFIC